| 000 | 00670nam a22001817a 4500 | ||
|---|---|---|---|
| 999 |
_c61448 _d61448 |
||
| 005 | 20240314154155.0 | ||
| 008 | 240314s1975 ru ||||| |||| 00| 0 rus d | ||
| 041 | _arus | ||
| 080 | _a902.6(470.6) K-84 | ||
| 100 |
_aКругликова, И. Т. _921429 |
||
| 245 |
_aСиндская гавань. Горгиппия. Анапа _cИ. Т. Кругликова. |
||
| 264 |
_aМ.: _bНаука, _c1975. |
||
| 300 |
_a105 c.: _bил.; _c20 см. |
||
| 653 | _aსინდის ნავსადგური. გორგიპია. ანაპა | ||
| 653 | _aისტორია | ||
| 653 | _aარქეოლოგია | ||
| 942 |
_2udc _cᲬᲘᲒᲜᲘ |
||